[Event "RSSS-ch"]
[Site "Ekaterinburg"]
[Date "2014.10.30"]
[Round "8"]
[White "Chernov, Mikhail"]
[Black "Bidaev, Sergey"]
[Result "1-0"]
[WhiteElo "2202"]
[BlackElo "2036"]
[PlyCount "35"]
[EventDate "2014.09.23"]
[EventType "swiss"]
[EventRounds "9"]
[EventCountry "RUS"]
[SourceTitle "EXT 2015"]
[Source "ChessBase"]
[SourceDate "2014.11.20"]
[SourceVersion "1"]
[SourceVersionDate "2014.11.20"]
[SourceQuality "1"]

1. e4 c6 2. d4 d5 3. Nc3 dxe4 4. Nxe4 Nf6 5. Nxf6+ gxf6 6. c3 Bf5 7. Nf3 e6 8. g3 Bd6 9. Bg2 Nd7 10. Nh4 Bg6 11. 0-0 Qc7 12. a4 0-0-0 13. b4 f5 14. b5 c5 15. a5 Qb8 16. a6 b6 17. Bb7+ Kc7 18. Qf3 1-0